000 01748nam a2200325 a 4500
001 BRCA_3232
005 20190320204157.0
008 060309s1796----ie-a---###---#000-0#eng-#
041 _aeng
044 _aie
084 _a533
_b.C43
_c1796
100 1 _aCervantes Saavedra, Miguel de
_d1547-1616
_9213
245 1 0 _aThe History and Adventures of the Renowned Don Quixote
_cTranslated from the Spanish of Miguel de Cervantes Saavedra to which is prefixed, some Account of the Author´s Life by T. Smollett.
260 _aDublin (Irlanda)
_bJohn Chambers
_c1796
300 _a4 v.
_bil.
_c22 cm.
500 _aContenido : v.1. Primera parte. Retrato de Cervantes. Dedicatoria de Smollett. Vida de Cervantes. Nota del editor. Prólogo del autor. -- v.2. Texto. -- v.3. Segunda parte. Prólogo del autor. Aprobaciones y licencia. -- v.4. Texto
500 _aEdición : Ornamented with Engravings by the first Masters from the Designs of the Madrid Royal Academy, etc.
500 _aBella edición de la traducción de Smollett, adornada con las láminas de la Academia Española. El retrato de Cervantes está dibujado por José del Castillo. Plena piel; lomeras adornadas con florones y filetes dorados Lúdovik Osterc
500 _aCon ex-libris de : Fetherstonhaugh Briscoe
500 _aQM427
546 _aTexto en : inglés
650 1 4 _aNovela española
_yÉpoca clásica, 1500-1700
_9215
650 1 4 _aLiteratura española
_yÉpoca clásica, 1500-1700
_9216
650 1 4 _aNovela española
_ySiglo XVII
_9217
650 1 4 _aDon Quijote (Personaje ficticio)
_eNovela
_9218
700 1 _aSmollett, Tobias George
_d1721-1771
_eTraductor
_98622
740 0 _aEl Ingenioso Hidalgo Don Quijote de la Mancha
902 _aQFM
942 _2lcc
_cB
999 _c2968
_d2968